| 000 | 00493nam a2200133Ia 4500 | ||
|---|---|---|---|
| 008 | 220216s9999 xx 000 0 und d | ||
| 100 | _aJianhe Liao | ||
| 245 | 0 | _aStudy on the thermoplastic polyethylene-natural rubber blends reinforced by short polypropylene fibers | |
| 260 |
_bProceedings of IRRDB Symposium 1999, Hainan, Peoples Republic of China. pp.429-436. _c1999 |
||
| 650 | _aNatural rubber blends | ||
| 650 | _aThermoplastic polyethylene | ||
| 700 | _aShuangquan Liao | ||
| 942 | _cJS | ||
| 999 |
_c69876 _d69876 |
||